MARC
|
|
|
|
| LEADER |
00000nam0a2200000 4500 |
| 001 |
326081 |
| 005 |
20231102003827.0 |
| 035 |
|
|
|a (RuTPU)RU\TPU\book\351716
|
| 090 |
|
|
|a 326081
|
| 100 |
|
|
|a 20161219d1937 km y0rusy50 ca
|
| 101 |
0 |
|
|a rus
|
| 102 |
|
|
|a RU
|
| 105 |
|
|
|a y b 001zy
|
| 200 |
1 |
|
|a Первая Всесоюзная выставка фотоискусства
|e каталог выставки
|f под ред. П. Полуянова
|
| 210 |
|
|
|a Москва
|a Ленинград
|c Искусство
|d 1937
|
| 215 |
|
|
|a 88 с.
|
| 320 |
|
|
|a Список участников : с. 78-88
|
| 606 |
1 |
|
|a Фотография
|2 stltpush
|3 (RuTPU)RU\TPU\subj\64221
|9 81132
|
| 610 |
1 |
|
|a выставки
|
| 610 |
1 |
|
|a фотоматериалы
|
| 610 |
1 |
|
|a фотоискусство
|
| 610 |
1 |
|
|a портреты
|
| 610 |
1 |
|
|a фотографии
|
| 610 |
1 |
|
|a цветная фотография
|
| 610 |
1 |
|
|a фотолюбительство
|
| 610 |
1 |
|
|a каталоги
|
| 675 |
|
|
|a 77
|v 4
|
| 702 |
|
1 |
|a Полуянов
|b П.
|4 340
|
| 801 |
|
1 |
|a RU
|b 63413507
|c 20161219
|
| 801 |
|
2 |
|a RU
|b 63413507
|c 20200625
|g RCR
|
| 942 |
|
|
|c BK
|